Loading...
| Literature - European | 0 | 7 | 1 | 0 | 65 | 98 | 128.29 | 0 | 1 | 0.00 | 0.00 |
| Literature - British | 0 | 6 | 0 | 2 | 60 | 104 | 131.50 | 0 | 1 | 0.00 | 0.00 |
| Literature - World | 0 | 6 | 0 | 2 | 60 | 73 | 118.67 | 1 | 1 | 0.00 | 0.00 |
| Science - Chemistry | 0 | 5 | 2 | 1 | 40 | 92 | 105.00 | 0 | 1 | 0.00 | 0.00 |
| Literature - American | 0 | 4 | 0 | 0 | 40 | 93 | 126.25 | 0 | 2 | 0.00 | 0.00 |
| Mythology | 0 | 3 | 0 | 1 | 30 | 117 | 124.00 | 0 | 0 | 0.00 | 0.00 |
| Fine Arts - Classical Music | 0 | 3 | 1 | 0 | 25 | 102 | 106.33 | 0 | 0 | 0.00 | 0.00 |
| Social Science | 0 | 2 | 0 | 1 | 20 | 109 | 124.50 | 0 | 0 | 0.00 | 0.00 |
| Philosophy | 0 | 2 | 0 | 0 | 20 | 102 | 104.00 | 0 | 1 | 0.00 | 0.00 |
| Religion | 0 | 2 | 0 | 0 | 20 | 96 | 99.00 | 0 | 1 | 0.00 | 0.00 |
| Other Academic | 0 | 2 | 1 | 1 | 15 | 108 | 123.00 | 0 | 0 | 0.00 | 0.00 |
| History - Other | 0 | 2 | 1 | 1 | 15 | 108 | 128.50 | 0 | 0 | 0.00 | 0.00 |
| Science - Physics | 0 | 1 | 0 | 0 | 10 | 140 | 140.00 | 0 | 0 | 0.00 | 0.00 |
| History - American | 0 | 1 | 0 | 0 | 10 | 71 | 71.00 | 0 | 1 | 0.00 | 0.00 |
| History - European | 0 | 1 | 0 | 0 | 10 | 121 | 121.00 | 0 | 0 | 0.00 | 0.00 |
| History - World | 0 | 0 | 1 | 0 | -5 | 0.00 | 0 | 0 | 0.00 | 0.00 |